Hog inventory and pig crops, by States, 1960-1964; (Record no. 12165)
[ view plain ]
| 000 -LEADER | |
|---|---|
| fixed length control field | 01079cam a2200253 4500 |
| 001 - CONTROL NUMBER | |
| control field | agr67000076 |
| 003 - CONTROL NUMBER IDENTIFIER | |
| control field | DLC |
| 005 - DATE AND TIME OF LATEST TRANSACTION | |
| control field | 20260227111026.0 |
| 008 - FIXED-LENGTH DATA ELEMENTS--GENERAL INFORMATION | |
| fixed length control field | 700127s1966 dcu s 000 0 eng c |
| 010 ## - LIBRARY OF CONGRESS CONTROL NUMBER | |
| LC control number | agr67000076 |
| 040 ## - CATALOGING SOURCE | |
| Original cataloging agency | U.S. Nat'l Agr. Libr. |
| Transcribing agency | DLC |
| Modifying agency | DLC |
| 050 00 - LIBRARY OF CONGRESS CALL NUMBER | |
| Classification number | HD1751 |
| Item number | .A5 no. 383 |
| 051 ## - LIBRARY OF CONGRESS COPY, ISSUE, OFFPRINT STATEMENT | |
| Classification number | HD9435 |
| Item number | .U5A5 1966 |
| Copy information | Copy 2. |
| 070 0# - NATIONAL AGRICULTURAL LIBRARY CALL NUMBER | |
| Classification number | 1 Ag84St no. 383 |
| 110 1# - MAIN ENTRY--CORPORATE NAME | |
| Corporate name or jurisdiction name as entry element | United States. |
| Subordinate unit | Crop Reporting Board. |
| 245 10 - TITLE STATEMENT | |
| Title | Hog inventory and pig crops, by States, 1960-1964; |
| Remainder of title | revised estimates. |
| 260 ## - PUBLICATION, DISTRIBUTION, ETC. | |
| Place of publication, distribution, etc. | Washington, |
| Date of publication, distribution, etc. | 1966. |
| 300 ## - PHYSICAL DESCRIPTION | |
| Extent | 27 p. |
| Dimensions | 26 cm. |
| 490 1# - SERIES STATEMENT | |
| Series statement | United States. Dept. of Agriculture. Statistical bulletin |
| Volume/sequential designation | no. 383 |
| 500 ## - GENERAL NOTE | |
| General note | Continues the Board's Pig crops, by States, 1955-59: sows farrowing, pigs per litter, pigs saved. Selected States, 1954-59; inventory numbers by quarters. Revised estimates. Issued as Statistical bulletin no. 276. |
| 650 #0 - SUBJECT ADDED ENTRY--TOPICAL TERM | |
| Topical term or geographic name entry element | Swine |
| Geographic subdivision | United States |
| General subdivision | Statistics. |
| 651 #3 - SUBJECT ADDED ENTRY--GEOGRAPHIC NAME | |
| Geographic name | United States |
| General subdivision | Swine |
| -- | Statistics. |
| 830 #0 - SERIES ADDED ENTRY--UNIFORM TITLE | |
| Uniform title | Statistical bulletin (United States. Department of Agriculture) ; |
| Volume/sequential designation | no. 383. |
No items available.